TOP 100 Dessin Animés - Statistiques

Statistiques générales
  • Ce quiz a été pris 230 fois
  • Le résultat moyen est 8 sur 100
Statistiques - réponses
Type de quiz Nb épisodes/films sortis Année (France) Studio/Chaine Réponse % Correct
Film 3 1998 (2ème film) Disney Le Roi Lion 2
40%
Série 182 2002-en cours TF1 dans TFOU et DisneyChannel ou Gulli/Canal J Totally Spies
38%
Animé 1106 1999-en cours Mangas, NT1 puis Game One One Piece
35%
Série 1278 1997-en cours Tf1 puis Gulli et M6 et MCM Pokémon
35%
Série 177 2002-2023 France 3 puis TF1 dans TFOU/TiJi puis Nickelodeon, Gulli et M6 Dora l'Exploratrice
28%
Film 3 2006 Disney/Pixar Cars
26%
Film 1 2010 Disney Raiponce
26%
Série 104 1997-2006 France 3 puis Canal J, Gulli, Boing et Netflix (2020) Les Zinzins de l'Espace
23%
Série 579 1999-2019 France 4 puis TiJi, Boomerang, Canal J et Gulli Oggy et les Cafards
23%
Série 16300 1940-en cours France TV et Boomerang Tom et Jerry
22%
Film 1 + 1 à venir 2016 Disney Vaiana
22%
Film 2 2004 (2ème film) Disney Mickey il était deux fois Noël
21%
Série 768 1990-2023 France 3 puis W9 et 6ter Les Simpson
20%
Film 2 1998 Disney Mulan
20%
Série 25 2004-2008 France 3 puis Ludo et Quoi de neuf Bunny? Scooby Doo
20%
Film 3 2010 Dreamworks Dragons
18%
Série 214 2008-2015 France 3 puis Boomerang et Gulli Garfield
18%
Série 86 1983-1896 Club Dorothée puis Tf1 et Gulli Inspecteur Gadget
18%
Film 2 2003 Disney/Pixar Le Monde de Nemo
16%
Série 208 2004-2019 France 3 puis Gulli et Nickelodeon Winx
14%
Série 150 1974-1977 (rediffusé après) TF1, M6, Piwi+ et Télétoon+ Barbapapa
13%
Série 276 2016-en cours Nickelodeon puis Gulli Bienvenue chez les Loud
13%
Film 4 2008 Dreamworks Kung Fu Panda
13%
Film 1 2009 Disney/Pixar Là-haut
13%
Film 2 2004 Disney/Pixar Les Indestructibles
12%
Série 233 2008-2019 TF1 dans TFOU puis Télétoon et Gulli Les Minijusticiers
12%
Film 1 2007 Disney/Pixar Ratatouille
12%
Série 52 2003-2003 France 3 puis Canal J et Gulli Ratz
12%
Film 2 1999 Disney Tarzan
12%
Film 1 2017 Disney/Pixar Coco
11%
Film 3 2004 Dreamworks Madagascar
11%
Film 42 2011 Rainmaker Entertainment Barbie Apprentie princesse
10%
Film 42 2004 Mattel Entertainment Barbie Coeur de Princesse
10%
Animé 37 2006-2007 MCM et Mangas Death Note
9%
Série 124 1969-1978 (2007-2016 rediffusion) France 3 dans Ludo puis Gulli, Boomerang et Cartoon Network La Panthère rose
9%
Animé 150 2016-en cours J One My Hero Academia
9%
Film 4 + 1 à venir 2004 (2ème film) Dreamworks Shrek 2
9%
Animé 328 2009-2019 Game One Fairytail
8%
Série 78 1999-2004 TF1 puis Canal J, Piwi et TiJi Franklin
8%
Film 2 2003 Disney Frère des ours
8%
Série 78 2001-2011 TF1 puis Gulli Marcelino
8%
Série 224 2000-2004 M6, Canal J et Mangas Yu Gi Oh
8%
Série 312 2010-2024 Tf1 et Gulli Zig et Sharko
8%
Animé 148 2011-2014 Mangas et NT1 Hunter x Hunter
7%
Animé 89 2013-2023 Mangas L'Attaque des Titans
6%
Série 210 2011-2024 France 4 puis Boing Ninjago
6%
Film 1 1998 Disney/Pixar 1001 pattes
5%
Série 78 2006-2011 France 2 puis France O et Game One Galactik Football
5%
Film 2 2019 (2ème film) Disney La Reine des neiges 2
5%
Série 78 2008-2018 Disney Channel puis Canal J, France 3 et Gulli Magic
5%
Film 2 2001 Disney/Pixar Monstres et Cie
5%
Série 104 2011-2013 Tf1 sur Tfou puis Gulli Rekkit
5%
Série 22 2006-2008 (reboot de l'original de 1980) M6 et TiJi Charlotte aux fraises
4%
Série 126 2006-2016 TF1 dans Tfou et France 5 dans Zouzous puis M6 La Maison de Mickey
4%
Série 221 + 1 film 2011-2019 TiJi, Gulli et TF1 My Little Pony
4%
Film 2 + 1 à venir 2011 20th Century Fox Rio
4%
Série 46 1972-1989 (rediffusion 2003) Club Dorothée puis France 3 dans Bunny et tous ses amis Titi et Grominet
4%
Film 1 2013 Dreamworks Turbo
4%
Film 3 2006 EuropaCorp Arthur et les Minimoys
3%
Série 50 1972-en cours France 3 dans Bunny Tonic puis Boomerang Bip Bip et Coyote
3%
Film 1 2023 Disney/Pixar Elémentaire
3%
Série 40 1999-2004 France 3 puis Gulli et Canal J Famille Pirate
3%
Film 1 2004 Dreamworks Gang de Requins
3%
Film 1 2002 Disney La Planète au trésor
3%
Série 303 1981-1989 (rediffusion 2003) France 2 puis M6 Les Schtroumpfs
3%
Série 130 2002-en cours Boomerang Mr Bean
3%
Film 14 1988 (1er film) Amblin Entertainement Le Petit Dinosaure
2%
Film 2 2012 Disney Les Mondes de Ralph
2%
Film 1 2014 Disney Les Nouveaux Héros
2%
Série 33 + 14 films 2010-en cours Youtube puis reboot sur Nickelodeon, Gulli et Netflix Monster High
2%
Série 104 2015-2017 Canal J et Gulli et Netflix Sonic Boom
2%
Film 1 2002 Dreamworks Spirit
2%
Film 1 2019 Dreamworkd Abominable
1%
Série 104 2009-2013 Télétoon+ Angels
1%
Série 53 2003-2006 France 3 Baby Looney Tunes
1%
Animé 24 2022-2023 Crunchyroll Blue Lock
1%
Film 15 2004 Toon City Animation Bratz Star Party
1%
Animé 25 2008-2008 ---- Itazura na Kiss
1%
Animé 42 2009-2024 Netflix Kimi ni Todoke
1%
Animé 75 2012-2015 J-One et Equipe 21 Kuroko no Basket
1%
Film 1 2000 Dreamworks La Route d' Eldorado
1%
Film 2 2013 Dreamworks Les Croods
1%
Série 34 1968-1969 (rediffusion jusqu'en 2008) France 3 dans Quoi de neuf Bunny? et Boomerang Les Fous du volant
1%
Film 1 1933 Disney Les Trois Petits Cochons
1%
Film 1 2000 Hyperion Animation L'Ours mandarine
1%
Animé 24 2007-2007 ----- Lovely Complex
1%
Animé 26 2010-2010 ---- Maid Sama
1%
Série 78 2011-en cours Télétoon+ puis Boing et France 5 Mia et Moi
1%
Série 66 2011-2013 France 5, dans Les Zouzous Sid, Le Petit Scientifique
1%
Film 3 1999 Colombia Pictures Stuart Little
1%
Série 390 2000-2002 TF1 Tweenies
1%
Série 52 2005-2006 France 3 Witch
1%
Film 7 + 5 non-animés 1968 Belvision Astérix et Cléopâtre
0%
Série 176 2010-2021 TF1 sur TFOU Chunggington
0%
Série 52 2007-2009 France 5 dans Midi les Zouzous puis sur France 4 dans Ludo George de la Jungle
0%
Animé 25 2012-2015 ---- Kamisama Hajimemashita
0%
Série 41 2013-2014 Gulli et Canal J Les Légendes de Chima
0%
Film 2 2007 Sony Pictures/Columbia Les Rois de la glisse
0%
Série 26 2015-2015 Nickolodeon puis Gulli et Canal J Objectif Blake
0%
Animé 24 2011-2011 ---- Sekaiichi Hatsukoi
0%
Aucun quiz correspondant
Distribution des résultats
% des personnes avec chaque résultat
Percentile par nombre de réponses
Votre historique - résultats
Vous n’avez pas pris ce quiz